LEADER 00797nam 2200193 u 450 001 996320728903316 005 20180703143339.0 035 $a(EXLCZ)9910861229000041 100 $a20180703d2013 uy 0 101 0 $aeng 200 00$aHadde det ikke vært for oppfølgingstjenesten- $esamtaleintervjuer med 16 ungdommer$fMarit Egge 225 1 $aFafo-rapport$v241 311 $a8274222067 610 0$areform$a94$aungdom$autdanning$avideregående$askole$aoppfølging$askuleavbrot$avidaregåadne$askule$aoppfølgingstjenesten$aopplæringskoletretthet$aarbeidsledighet$aungdomsforskning$abirmingham-skolen$achicago-skol 676 $a373.129 700 $aEgge$b Marit$f1951-$0956156 912 $a996320728903316 996 $aHadde det ikke vært for oppfølgingstjenesten-$92300483 997 $aUNISA LEADER 01030nam a2200265 i 4500 001 991003712199707536 005 20021223110252.0 008 020320s|||| fr ||| | fre 020 $a2744902292 035 $ab11852203-39ule_inst 035 $aocm00002017$9ExL 040 $aDip.to Beni Culturali$bita 100 1 $aHermary, Antoine$0157880 245 14$aLes cultes des cités phocéennes :$bactes du colloque international, Aix en Provence, Marseille, 4-5 juin 1999 /$cédités par Antoine Hermary et Henri Tréziny 260 $aAix en Provence :$bEdisud,$c2000 300 $a202 p. ;$c29 cm 490 0 $aEtudes massalietes ;$v6 650 4$aSantuari - Culto - Focide 700 1 $aTréziny, Henri 907 $a.b11852203$b28-04-17$c23-12-02 912 $a991003712199707536 945 $aLE001 AR IX 75f$g1$i2001000021598$lle001$o-$pE0.00$q-$rl$s- $t0$u0$v0$w0$x0$y.i12104711$z23-12-02 996 $aCultes des cités phocéennes$9899709 997 $aUNISALENTO 998 $ale001$b01-01-02$cm$da $e-$ffre$gfr $h4$i1